header

Leningrad poetry 1953-1975 (Record no. 194794)

MARC details
000 -LEADER
fixed length control field 02298nam a2200445 a 4500
100 1# - MAIN ENTRY--AUTHOR NAME
Personal name Lygo, Emily,
245 10 - TITLE STATEMENT
Title Leningrad poetry 1953-1975
260 ## - PUBLICATION, DISTRIBUTION, ETC. (IMPRINT)
Place of publication Bern, Switzerland ;
-- New York :
Name of publisher P. Lang,
Year of publication c2010.
300 ## - PHYSICAL DESCRIPTION
Number of Pages viii, 362 p.
490 1# - SERIES STATEMENT
Series statement Russian transformations: literature, thought, culture,
500 ## - GENERAL NOTE
General note Based on author's Ph.D. thesis, from University of Oxford, 2005.
505 0# - FORMATTED CONTENTS NOTE
Formatted contents note The post-Stalin Thaw 1953-1964 -- After the Thaw, 1965-1975 -- Officially published poetry and Aleksandr Kushner -- Viktor Sosnora -- Dmitry Bobyshev -- Iosif Brodsky -- Principal LITOs and literary groups in Leningrad 1953-1975 -- Unofficial groups of poets in Leningrad 1953-1975 -- Statistics concerning the admission of poets to the Leningrad writers' union 1953-1975.
650 #0 - SUBJECT ADDED ENTRY--TOPICAL TERM
Topical Term Russian poetry
Topical Term Russian poetry
Topical Term Poets, Russian
856 40 - ELECTRONIC LOCATION AND ACCESS
Uniform Resource Identifier http://site.ebrary.com/lib/rucke/Doc?id=10600508

No items available.

© 2026 Rongo University
Contact us: librarian | system librarian | Rongo university